000 00326nam a2200109Ia 4500
008 200302s9999 xx 000 0 und d
100 _aR K Panchuri
245 _aDealing with Climate Change Setting A Global Agenda For Mitigation And adaption
260 _bThe Energy and Resources Institute
260 _c2016
300 _a238 P
999 _c4265
_d4265